| 000 | 00583nam a22001937a 4500 | ||
|---|---|---|---|
| 003 | OSt | ||
| 005 | 20120302143937.0 | ||
| 008 | 090131t xxu||||| |||| 00| 0 eng d | ||
| 035 | _a२२४ | ||
| 040 | _cहिन्दी | ||
| 100 |
_aशर्मा राजेश _9647 |
||
| 245 | _aबहार - ए - शायरी | ||
| 250 | _a१ ली | ||
| 260 |
_aदिल्ली _bअर्चना |
||
| 300 | _b१२० पाने | ||
| 600 |
_aशर्मा राजेश _9648 |
||
| 700 |
_aशर्मा राजेश _9649 |
||
| 942 |
_2ddc _cBOOK |
||
| 999 |
_c486169 _d486166 |
||